| 000 | 00439nam a22001697a 4500 | ||
|---|---|---|---|
| 003 | MPLRDC | ||
| 005 | 20220104175203.0 | ||
| 008 | 210129b ||||| |||| 00| 0 eng d | ||
| 020 | _a967-951-027-1 | ||
| 082 | _a524.947 PPSB v.1 1987 | ||
| 100 | _a不详 | ||
| 245 |
_aBUKU ANALISA MATEMATIK TAMBAHAN (TULEN) SPM JILID 1 _c |
||
| 260 |
_a _bPENERBITAN PELANGI _c1987 |
||
| 300 | _b平 | ||
| 650 | _a | ||
| 942 |
_cBK _o524.947 PPSB v.1 1987 |
||
| 999 |
_c60246 _d60236 |
||